| 000 | 00982nam a22003017a 4500 | ||
|---|---|---|---|
| 001 | 4565 | ||
| 003 | FISKH | ||
| 005 | 20240917085950.0 | ||
| 008 | 240917b cb ||||| |||| 00| 0 eng d | ||
| 020 | _a9780141346403 | ||
| 040 |
_aFISKH _beng _cFISKH _dFISKH |
||
| 050 | _aPZ7.D1515 | ||
| 082 | _2823.914 | ||
| 100 |
_aDahl, Roald _d(1916–1990) |
||
| 245 |
_aGeorge's marvellous medicine / _cRoald Dahl illustrated by Quentin Blake |
||
| 250 | _aThis edition published in 2013 | ||
| 260 |
_aLondon : _bPuffin, _c1981. |
||
| 300 |
_a122 pages : _billustrations ; _c20cm |
||
| 505 | _aP | ||
| 520 | _aGeorge decides that his grumpy, selfish old grandmother must be a witch and concocts some marvelous medicine to take care of her. | ||
| 521 | 8 |
_a640L
_bLexile |
|
| 521 | 8 |
_aP
_bRaz-Plus |
|
| 650 |
_2Magic _aHumor _vFantasy |
||
| 650 |
_2Medicine _aChildren's fiction _vGrandmothers |
||
| 700 |
_aBlake, Quentin _dIllustrator |
||
| 942 |
_2ddc _cBK _n0 |
||
| 999 |
_c4565 _d4565 |
||